MARC details
| 000 -CABECERA |
| campo de control de longitud fija |
02570nam a2200385 i 4500 |
| 001 - NÚMERO DE CONTROL |
| campo de control |
000020741 |
| 003 - IDENTIFICADOR DEL NÚMERO DE CONTROL |
| campo de control |
DO-SdBNP |
| 005 - FECHA Y HORA DE LA ÚLTIMA TRANSACCIÓN |
| campo de control |
20250909132531.0 |
| 007 - CAMPO FIJO DE DESCRIPCIÓN FÍSICA--INFORMACIÓN GENERAL |
| campo de control de longitud fija |
ta |
| 008 - DATOS DE LONGITUD FIJA--INFORMACIÓN GENERAL |
| campo de control de longitud fija |
100813s2015 dr ac r 000 0 spa d |
| 020 ## - NÚMERO INTERNACIONAL ESTÁNDAR DEL LIBRO |
| Número Internacional Estándar del Libro |
9789993431497 |
| 040 ## - FUENTE DE LA CATALOGACIÓN |
| Centro catalogador/agencia de origen |
DO-SdBNP |
| Lengua de catalogación |
spa |
| Centro/agencia transcriptor |
BNPHU |
| Normas de descripción |
rda |
| 041 17 - CÓDIGO DE LENGUA |
| Código de lengua del texto/banda sonora o título independiente |
spa |
| Código de lengua original |
eng |
| 082 #4 - NÚMERO DE LA CLASIFICACIÓN DECIMAL DEWEY |
| Número de clasificación |
923.27293 |
| Número de documento/Ítem |
D812j |
| Número de edición |
22 |
| 245 00 - MENCIÓN DE TÍTULO |
| Título |
Juan Pablo Duarte : |
| Resto del título |
the humanist : el humanista / |
| Mención de responsabilidad, etc. |
a bilingual selection of his writings = selección bilingue de sus escritos ; editores compiladoras, Rhina P. Espaillat, Sarah Aponte ; prólogo, Ramona Hernández. |
| 264 #1 - PRODUCCIÓN, PUBLICACIÓN, DISTRIBUCIÓN, FABRICACIÓN Y COPYRIGHT |
| Producción, publicación, distribución, fabricación y copyright |
Santo Domingo : |
| Nombre del de productor, editor, distribuidor, fabricante |
Biblioteca Nacional Pedro Henríquez Ureña, |
| Fecha de producción, publicación, distribución, fabricación o copyright |
2015. |
| 300 ## - DESCRIPCIÓN FÍSICA |
| Extensión |
193 páginas : |
| Otras características físicas |
ilustraciones, retratos ; |
| Dimensiones |
26 cm. |
| 336 ## - TIPO DE CONTENIDO |
| Fuente |
rdacontent |
| Término de tipo de contenido |
texto |
| Código de tipo de contenido |
txt |
| 337 ## - TIPO DE MEDIO |
| Fuente |
rdamedia |
| Nombre/término del tipo de medio |
sin mediación |
| Código del tipo de medio |
n |
| 338 ## - TIPO DE SOPORTE |
| Fuente |
rdacarrier |
| Nombre/término del tipo de soporte |
volumen |
| Código del tipo de soporte |
nc |
| 500 ## - NOTA GENERAL |
| Nota general |
Incluye referencias bibliográficas y notas al pie de las páginas |
| 504 ## - NOTA DE BIBLIOGRAFÍA, ETC. |
| Nota de bibliografía, etc. |
Bibliografía: páginas 176-185 |
| 505 ## - NOTA DE CONTENIDO CON FORMATO |
| Nota de contenido con formato |
Introducción a Duarte, su era y su sitio: un ejercicio para la imaginación -- |
| Título |
Biografía de Juan Pablo Duarte y Díez -- |
| -- |
Documentos selectos-- |
| -- |
Selección de poemas por Juan Pablo Duarte -- |
| -- |
Ensayo final : Duarte en las Américas -- |
| -- |
Material curricular -- |
| -- |
contribuidores -- |
| -- |
Juan Pablo Duarte : bibliografía selecta -- |
| -- |
Selección de imágenes |
| 505 ## - NOTA DE CONTENIDO CON FORMATO |
| Nota de contenido con formato |
"Al igual que sus cartas, proclamas, poemas y otros textos trascendentes que escribió, incluida la Constitución inconclusa que tituló Ley Fundacional, esta obra sitúa a Juan Pablo Duarte, el Padre de la Nación Dominicana, en sus dimensiones auténticas, funcionando como una especie de Biografía apasionante: alimentado por las ideas más avanzadas de su tiempo luego de sus estudios en Estados Unidos y Europa durante su adolescencia, este hombre extraordinario fundó La Trinitaria con el fin de lograr su objetivo de la independencia dominicana de la ocupación haitiana en 1844. |
| 600 14 - PUNTO DE ACCESO ADICIONAL DE MATERIA--NOMBRE DE PERSONA |
| Nombre de persona |
Duarte, Juan Pablo |
| Fechas asociadas al nombre |
1813-1876 |
| 9 (RLIN) |
1494 |
| 600 10 - PUNTO DE ACCESO ADICIONAL DE MATERIA--NOMBRE DE PERSONA |
| Nombre de persona |
Duarte, Juan Pablo, |
| Fechas asociadas al nombre |
1813-1876 |
| Subdivisión de forma |
Correspondencias |
| 9 (RLIN) |
1494 |
| 600 10 - PUNTO DE ACCESO ADICIONAL DE MATERIA--NOMBRE DE PERSONA |
| Nombre de persona |
Duarte, Juan Pablo, |
| Fechas asociadas al nombre |
1813-1876 |
| Subdivisión general |
Poesía |
| Subdivisión de forma |
Bibliografía |
| 9 (RLIN) |
1494 |
| 650 #4 - PUNTO DE ACCESO ADICIONAL DE MATERIA--TÉRMINO DE MATERIA |
| Término de materia o nombre geográfico como elemento de entrada |
Estadistas |
| Subdivisión geográfica |
República Dominicana |
| Subdivisión de forma |
Biografías |
| 9 (RLIN) |
45404 |
| 651 #4 - PUNTO DE ACCESO ADICIONAL DE MATERIA--NOMBRE GEOGRÁFICO |
| Nombre geográfico |
República Dominicana |
| Subdivisión general |
Historia |
| Subdivisión cronológica |
1844-1930 |
| Subdivisión de forma |
Bibliografías |
| 9 (RLIN) |
82119 |
| 700 1# - PUNTO DE ACCESO ADICIONAL--NOMBRE DE PERSONA |
| Nombre de persona |
Espaillat, Rhina P., |
| Forma completa/desarrollada del nombre |
(Rhina Polonia), |
| Fechas asociadas al nombre |
1932- |
| Término indicativo de función/relación |
compiladora |
| 9 (RLIN) |
43497 |
| 700 12 - PUNTO DE ACCESO ADICIONAL--NOMBRE DE PERSONA |
| Nombre de persona |
Aponte, Sarah, |
| Término indicativo de función/relación |
compiladora |
| 9 (RLIN) |
43498 |
| 700 12 - PUNTO DE ACCESO ADICIONAL--NOMBRE DE PERSONA |
| Nombre de persona |
Hernández, Ramona, |
| Término indicativo de función/relación |
prólogo |
| 9 (RLIN) |
10103 |
| 910 ## - DATOS DE OPCIÓN DEL USUARIO (OCLC) |
| Datos de opción del usuario |
Validado. Control de calidad MFF |
| 942 ## - ELEMENTOS DE PUNTO DE ACCESO ADICIONAL (KOHA) |
| Fuente del sistema de clasificación o colocación |
Dewey Decimal Classification |
| Tipo de ítem Koha |
Libro |